| 000 | 00686nam a2200229Ia 4500 | ||
|---|---|---|---|
| 003 | OSt | ||
| 005 | 20240524135714.0 | ||
| 008 | 210716s2007 xx 000 0 und d | ||
| 020 | _a8183186629 | ||
| 040 | _cAIMIT LIBRARY | ||
| 041 | _aeng | ||
| 082 |
_a374.22 _21 _bPHIJ |
||
| 100 |
_aPhilip, J. _9167435 |
||
| 245 |
_aInstitution building in India : _bsome experiences / _cBy J Philip. |
||
| 250 | _a1st ed. | ||
| 260 |
_aNew Delhi : _bHimalaya Publishing House , _c2007. |
||
| 300 |
_a240p. ; _bPB _c21.5 cm |
||
| 650 |
_aSomething prophetic _9167436 |
||
| 650 |
_aEnriching sail experience _9167437 |
||
| 650 |
_aFounding of AIMS _9167438 |
||
| 942 |
_2ddc _cBK _e1st _k374.22 PHIJ |
||
| 999 |
_c201812 _d201812 |
||